00625nam a2200193Ia 4500952013300000999001700133003000400150005001700154008004100171020001800212040000900230082001800239100002400257245004400281260004300325300000900368650001200377942004200389 00102ddc40708PHYSICSaMESbMEScPHYd2019-02-20g450.00l0o531.03 SAR/Dp31376r2019-02-20 00:00:00w2019-02-20yBKzGL12R5 c34108d34108OSt20200904101202.0190216s9999||||xx |||||||||||||| ||und|| a9788178901299 coclc a531.03bSAR/D aSareen, Karan94425 0aDictionary Of Mechanics /cKaran Sareen bI V Y Publishing House,aDelhi:c2005. a223p aPhysics cBK2ddch531.03iSAR/Dk531.03mSAR/D